British Literature # 1 - Statistics

General Stats
  • This quiz has been taken 184 times
  • The average score is 9 of 15
Answer Stats
Question Answer % Correct
Which fictional detective lodged at 221b Baker Street, London? Sherlock Holmes
99%
Which natural product is Winnie the Pooh’s favourite food? Honey
95%
Which Shakespeare work is known by actors as ‘The Scottish Play’? Macbeth
92%
Poets Wilfred Owen and Rupert Brooke both died in which war? World War One
79%
What kind of animals are Hazel & Fiver in the novel Watership Down? Rabbits
71%
Whose final novel The Mystery of Edwin Drood was left unfinished? Charles Dickens
60%
Who won the Booker Prize for his 1981 novel Midnight’s Children? Salman Rushdie
58%
Which novel begins ‘Last night I dreamt I went to Manderley again’? Rebecca
56%
Who wrote poems ‘I Wandered Lonely as a Cloud’ & ‘To the Skylark’? William Wordsworth
55%
Which position was held by Ted Hughes from 1984 to 1998? Poet Laureate
54%
Which pen name was used by writer Mary Ann Evans? George Eliot
52%
How are Julian, Dick, Anne, George & Timmy collectively known? The Famous Five
52%
Elinor & Marianne Dashwood are characters in which 1811 novel? Sense and Sensibility
50%
Which fictional world was the setting for 41 Terry Pratchett books? Discworld
45%
Brick Lane was the debut novel of which Pakistani-born writer? Monica Ali
15%
No matching quizzes found
Score Distribution
Percent of People with Each Score
Percentile by Number Answered
Your Score History
You have not taken this quiz